[Event "1. Bundesliga 2015/2016"]
[Site "Jenbach"]
[Date "2016.04.02"]
[Round "11"]
[Board "4"]
[White "Volkmann, Friedrich Karl"]
[Black "Naumann, Alexander"]
[Result "1/2-1/2"]
[WhiteElo "2433"]
[BlackElo "2555"]
[PlyCount "62"]
[EventDate "2015.11.05"]
[EventType "team"]
[EventRounds "11"]
[EventCountry "AUT"]
[WhiteTeam "ASVOE Wulkaprodersdorf"]
[BlackTeam "SC MPOE Maria Saal"]

1.d4 d5 2.c4 c6 3.Nf3 Nf6 4.e3 Bg4 5.h3 Bh5 6.cxd5 Bxf3 7.Qxf3 cxd5 8.Nc3 Nc6 9.Bd3
e6 10.O-O Be7 11.Rd1 O-O 12.Bf1 Rc8 13.Bd2 Na5 14.Be1 Nc4 15.b3 Nd6 16.Bd3 Qd7 17.Rac1
Rc6 18.Rc2 Rfc8 19.Rdc1 a6 20.Qd1 b5 21.Ne2 Nc4 22.a4 Nd6 23.axb5 Nxb5 24.Rxc6 Rxc6
25.Ba5 g6 26.Rxc6 Qxc6 27.Qc1 Qb7 28.Nc3 Na7 29.Ne2 Nc6 30.Be1 Qxb3 31.Bxa6 Nb4 1/2-1/2

[Event "1. Bundesliga 2015/2016"]
[Site "Jenbach"]
[Date "2016.04.02"]
[Round "11"]
[Board "5"]
[White "Kreisl, Robert"]
[Black "Mesaros, Florian"]
[Result "1-0"]
[WhiteElo "2435"]
[BlackElo "2307"]
[PlyCount "129"]
[EventDate "2015.11.05"]
[EventType "team"]
[EventRounds "11"]
[EventCountry "AUT"]
[WhiteTeam "SC MPOE Maria Saal"]
[BlackTeam "ASVOE Wulkaprodersdorf"]

1.d4 d5 2.c4 e6 3.Nc3 c6 4.e3 Nf6 5.Bd2 Nbd7 6.a3 a6 7.Rc1 b6 8.cxd5 cxd5 9.g4 h6
10.h4 Bb7 11.Bg2 Ne4 12.Nxe4 dxe4 13.Ne2 Be7 14.Ng3 Bxh4 15.Bxe4 Bxe4 16.Nxe4 Nf6
17.Qf3 O-O 18.Nxf6+ Bxf6 19.Qe4 Rc8 20.Rxc8 Qxc8 21.f4 Be7 22.g5 f5 23.Qg2 Qa8 24.Qxa8
Rxa8 25.gxh6 g6 26.h7+ Kg7 27.d5 Bf6 28.dxe6 Kh8 29.Rh6 Re8 30.Rxg6 Bxb2 31.e7 Kxh7
32.Rxb6 Bxa3 33.Rxa6 Bxe7 34.Ke2 Bh4 35.Bc3 Rc8 36.Bd4 Rc7 37.Ra8 Be7 38.Kd3 Kg6 39.Rg8+
Kf7 40.Rg7+ Ke6 41.Rg6+ Kf7 42.Rg7+ Ke6 43.Rg6+ Kf7 44.Rh6 Rc1 45.Be5 Rc8 46.Kd4 Rd8+
47.Kc4 Rc8+ 48.Kd3 Rd8+ 49.Bd4 Rc8 50.Ra6 Rc7 51.Be5 Rc8 52.Bd4 Rc1 53.Ra5 Kg6 54.Ra7
Bd8 55.Rd7 Rc8 56.Rg7+ Kh6 57.Rg8 Rb8 58.Kc4 Bc7 59.Rg5 Rc8 60.Kd3 Bd6 61.Rxf5 Rf8
62.Rxf8 Bxf8 63.Ke4 Kg6 64.f5+ Kg5 65.f6 1-0

[Event "1. Bundesliga 2015/2016"]
[Site "Jenbach"]
[Date "2016.04.02"]
[Round "11"]
[Board "6"]
[White "Wallner, Joachim"]
[Black "Rieger, Robert"]
[Result "1/2-1/2"]
[WhiteElo "2311"]
[BlackElo "2297"]
[PlyCount "60"]
[EventDate "2015.11.05"]
[EventType "team"]
[EventRounds "11"]
[EventCountry "AUT"]
[WhiteTeam "ASVOE Wulkaprodersdorf"]
[BlackTeam "SC MPOE Maria Saal"]

1.b3 e5 2.Bb2 Nc6 3.e3 Nf6 4.Bb5 Bd6 5.Na3 Na5 6.Be2 a6 7.c4 Nc6 8.Nc2 O-O 9.d3 Re8
10.Nf3 e4 11.dxe4 Nxe4 12.O-O Ne5 13.Ncd4 Nxf3+ 14.Nxf3 b6 15.Qd4 Bf8 16.Ne5 Nd6 17.Bg4
Rb8 18.Rad1 f6 19.Qd5+ Kh8 20.Nf7+ Nxf7 21.Qxf7 d6 22.Bf3 Be6 23.Qh5 g6 24.Qh4 Bg7
25.Bc6 Rf8 26.Bd4 f5 27.Qh6 Bxd4 28.exd4 Bd7 29.Bxd7 Qxd7 30.Rfe1 Rbe8 1/2-1/2

[Event "1. Bundesliga 2015/2016"]
[Site "Jenbach"]
[Date "2016.04.02"]
[Round "11"]
[Board "1"]
[White "Georgiadis, Nico"]
[Black "Schmidt, Peter"]
[Result "1-0"]
[WhiteElo "2486"]
[BlackElo "2386"]
[PlyCount "121"]
[EventDate "2015.11.05"]
[EventType "team"]
[EventRounds "11"]
[EventCountry "AUT"]
[WhiteTeam "Schachclub Sparkasse Goetzis"]
[BlackTeam "Spg Sauwald"]

1.e4 g6 2.d4 Bg7 3.Nc3 d6 4.Be3 Nf6 5.h3 O-O 6.Nf3 c6 7.a4 Nbd7 8.a5 Qc7 9.Bd3 Rb8
10.O-O b5 11.axb6 axb6 12.d5 Bb7 13.dxc6 Bxc6 14.Nd4 Bb7 15.Ncb5 Qd8 16.Ra7 Nc5 17.f3
e5 18.Ne2 d5 19.exd5 Nxd5 20.Bxc5 bxc5 21.Be4 Qb6 22.Rxb7 Qxb7 23.Nd6 Qxb2 24.Bxd5
Rbd8 25.Nxf7 Rxd5 26.Qxd5 Rxf7 27.Qxc5 Bf8 28.Qc4 Qb6+ 29.Kh1 Qe3 30.Nc3 Qd4 31.Qb3
Kg7 32.Rd1 Qb4 33.Ne4 Qxb3 34.cxb3 Rb7 35.Rd3 Bb4 36.Kh2 h5 37.h4 Kf7 38.Kh3 Be7 39.Nd2
Ke6 40.Ne4 Rb4 41.g3 Rd4 42.Rxd4 exd4 43.Kg2 Kd5 44.Kf2 Bb4 45.Ke2 Ba5 46.Kd3 Be1
47.f4 Ba5 48.f5 gxf5 49.Nf6+ Ke5 50.Nxh5 Be1 51.Ke2 Bb4 52.Nf4 Ke4 53.h5 Bf8 54.Nd3
Bh6 55.Nf2+ Ke5 56.Kd3 f4 57.Ng4+ Ke6 58.gxf4 Bxf4 59.h6 Kf7 60.Kxd4 Bc1 61.b4 1-0

[Event "1. Bundesliga 2015/2016"]
[Site "Jenbach"]
[Date "2016.04.02"]
[Round "11"]
[Board "2"]
[White "Testor, Sebastian"]
[Black "Krassowizkij, Jaroslaw"]
[Result "0-1"]
[WhiteElo "2330"]
[BlackElo "2446"]
[PlyCount "50"]
[EventDate "2015.11.05"]
[EventType "team"]
[EventRounds "11"]
[EventCountry "AUT"]
[WhiteTeam "Spg Sauwald"]
[BlackTeam "Schachclub Sparkasse Goetzis"]

1.d4 Nf6 2.c4 g6 3.Nc3 d5 4.cxd5 Nxd5 5.e4 Nxc3 6.bxc3 Bg7 7.Be3 e5 8.Bc4 O-O 9.Ne2
Qe7 10.Qc2 Nc6 11.O-O Na5 12.Bd3 b6 13.d5 f5 14.f3 f4 15.Bf2 g5 16.g4 h5 17.h3 Rf6
18.Rfd1 Rh6 19.Kf1 Bf8 20.Nc1 hxg4 21.hxg4 Rh2 22.d6 Qh7 23.Nb3 Qh3+ 24.Ke2 Bxg4 25.fxg4
Qe3+ 0-1

[Event "1. Bundesliga 2015/2016"]
[Site "Jenbach"]
[Date "2016.04.02"]
[Round "11"]
[Board "3"]
[White "Eisenbeiser, Amadeus"]
[Black "Hiermann, Dietmar"]
[Result "1-0"]
[WhiteElo "2413"]
[BlackElo "2270"]
[PlyCount "73"]
[EventDate "2015.11.05"]
[EventType "team"]
[EventRounds "11"]
[EventCountry "AUT"]
[WhiteTeam "Schachclub Sparkasse Goetzis"]
[BlackTeam "Spg Sauwald"]

1.e4 e5 2.Nf3 Nc6 3.Bc4 Bc5 4.O-O d6 5.c3 Nf6 6.d3 a6 7.a4 h6 8.a5 O-O 9.Qb3 Ba7 10.Be3
Ne7 11.Bxa7 Rxa7 12.Nbd2 Ng6 13.d4 Qe7 14.Rfe1 Ra8 15.Nf1 Bg4 16.N3d2 Rab8 17.f3 Be6
18.Ne3 Rfe8 19.Ra4 Bxc4 20.Qxc4 Qd7 21.d5 Ne7 22.Rea1 c6 23.dxc6 bxc6 24.Qxa6 d5 25.Nd1
Rb5 26.c4 dxc4 27.Nxc4 Rd8 28.Nde3 Qc7 29.Rd1 Rxd1+ 30.Nxd1 Nd7 31.b4 Nb8 32.Qa8 c5
33.a6 cxb4 34.a7 Nec6 35.Ndb2 Kh7 36.axb8=Q Nxb8 37.Qa7 1-0

[Event "1. Bundesliga 2015/2016"]
[Site "Jenbach"]
[Date "2016.04.02"]
[Round "11"]
[Board "4"]
[White "Hellmayr, Alois"]
[Black "Bilchinski, Anton"]
[Result "1/2-1/2"]
[WhiteElo "2248"]
[BlackElo "2299"]
[PlyCount "104"]
[EventDate "2015.11.05"]
[EventType "team"]
[EventRounds "11"]
[EventCountry "AUT"]
[WhiteTeam "Spg Sauwald"]
[BlackTeam "Schachclub Sparkasse Goetzis"]

1.Nf3 f5 2.g3 Nf6 3.Bg2 g6 4.d3 Bg7 5.Nc3 d6 6.e4 fxe4 7.dxe4 Nc6 8.h3 O-O 9.O-O Kh8
10.Be3 Be6 11.Qe2 Qc8 12.Kh2 Bg8 13.Nd2 e5 14.Nd5 Nxd5 15.exd5 Ne7 16.c4 Qd7 17.Ne4
c6 18.Nc3 cxd5 19.cxd5 a6 20.a4 Nf5 21.Qd3 Rac8 22.Bb6 Nd4 23.Rad1 g5 24.a5 h6 25.Be4
Nb3 26.g4 Nc5 27.Bxc5 Rxc5 28.b4 Rc7 29.Rc1 Qc8 30.Kg2 Bh7 31.Ne2 Bxe4+ 32.Qxe4 Rff7
33.Qg6 Qf8 34.Rxc7 Rxc7 35.Rc1 Rf7 36.Rf1 e4 37.Qxe4 Be5 38.f3 Re7 39.Qd3 Rc7 40.Rf2
Qf7 41.Qe4 Qh7 42.Qe3 Rc2 43.h4 Rb2 44.Qb6 Qd3 45.Qd8+ Kh7 46.Qe7+ Kh8 47.Qf8+ Kh7
48.Qe7+ Kh8 49.Qe8+ Kg7 50.Qe7+ Kh8 51.Qd8+ Kh7 52.Qe7+ Kh8 1/2-1/2

[Event "1. Bundesliga 2015/2016"]
[Site "Jenbach"]
[Date "2016.04.02"]
[Round "11"]
[Board "5"]
[White "Anistratov, Dmitrij"]
[Black "Renner, Christoph"]
[Result "0-1"]
[WhiteElo "2287"]
[BlackElo "2326"]
[PlyCount "110"]
[EventDate "2015.11.05"]
[EventType "team"]
[EventRounds "11"]
[EventCountry "AUT"]
[WhiteTeam "Schachclub Sparkasse Goetzis"]
[BlackTeam "Spg Sauwald"]

1.Nf3 d5 2.g3 Nf6 3.Bg2 Nbd7 4.c4 dxc4 5.Qa4 a6 6.Qxc4 b5 7.Qb3 Ra7 8.a4 bxa4 9.Qxa4
Bb7 10.O-O e6 11.Ne5 Bxg2 12.Kxg2 Bd6 13.d4 c5 14.Nc4 Be7 15.dxc5 Bxc5 16.b4 Bd4 17.Nd6+
Ke7 18.Rd1 Nb6 19.Qc6 Rc7 20.Qf3 Qxd6 21.Bb2 e5 22.e3 Rc2 23.exd4 Rxb2 24.dxe5 Qxe5
25.Nc3 Qb8 26.Re1+ Kf8 27.Qe3 Qb7+ 28.Kg1 g6 29.Qd4 Nbd7 30.Nd5 Qxd5 31.Qxb2 Qb5 32.Ra5
Qb6 33.Rd1 Ke7 34.Qe2+ Kf8 35.Qb2 Rg8 36.Qc3 Nb8 37.Rc5 Kg7 38.Rd4 Re8 39.Rf4 h6 40.h3
Re6 41.Rfc4 Qd6 42.Rd4 Qb6 43.Rdc4 Qb7 44.Rc7 Qd5 45.Rd4 Qf5 46.Kg2 g5 47.Rc5 Re5
48.Rd6 Qe4+ 49.Kh2 Re6 50.Rd4 Qb1 51.Rd8 Qf1 52.Rf5 Nc6 53.Rd2 Kg6 54.Rc5 Ne4 55.Qc2
Nxb4 0-1

[Event "1. Bundesliga 2015/2016"]
[Site "Jenbach"]
[Date "2016.04.02"]
[Round "11"]
[Board "6"]
[White "Taggatz, Mario"]
[Black "Kranz, Armin"]
[Result "1/2-1/2"]
[WhiteElo "2209"]
[BlackElo "2068"]
[PlyCount "64"]
[EventDate "2015.11.05"]
[EventType "team"]
[EventRounds "11"]
[EventCountry "AUT"]
[WhiteTeam "Spg Sauwald"]
[BlackTeam "Schachclub Sparkasse Goetzis"]

1.Nf3 Nf6 2.c4 c5 3.g3 b6 4.Bg2 Bb7 5.O-O e6 6.Nc3 Be7 7.d4 cxd4 8.Qxd4 a6 9.Bf4 d6
10.Qd2 O-O 11.Rfd1 Ne8 12.e4 Qc8 13.Rac1 Ra7 14.Qe2 Nd7 15.b3 Ba8 16.e5 dxe5 17.Nxe5
Nxe5 18.Bxe5 Bxg2 19.Kxg2 Nf6 20.Rd3 b5 21.Ne4 Qa8 22.Bxf6 bxc4 23.Rxc4 Bxf6 24.Qf3
Be7 25.Rdc3 a5 26.Nc5 Qb8 27.Qg4 g6 28.h4 h5 29.Qe4 Kg7 30.Nd3 Bf6 31.Rc2 Rd8 32.Nf4
Be5 1/2-1/2

[Event "1. Bundesliga 2015/2016"]
[Site "Jenbach"]
[Date "2016.04.02"]
[Round "11"]
[Board "1"]
[White "Papp, Gabor"]
[Black "Luther, Thomas"]
[Result "1-0"]
[WhiteElo "2593"]
[BlackElo "2558"]
[PlyCount "69"]
[EventDate "2015.11.05"]
[EventType "team"]
[EventRounds "11"]
[EventCountry "AUT"]
[WhiteTeam "L.A. Kraftanlage Ottakring"]
[BlackTeam "Schachklub Absam"]

1.Nf3 Nf6 2.c4 b6 3.d4 Bb7 4.Nc3 e6 5.a3 d5 6.cxd5 Nxd5 7.Qc2 Nxc3 8.bxc3 Nd7 9.e4
g6 10.h4 Bg7 11.Bg5 f6 12.Be3 Qe7 13.Bd3 e5 14.a4 f5 15.Bg5 Bf6 16.O-O Bxg5 17.Nxg5
h6 18.Nf3 f4 19.a5 g5 20.a6 Bc6 21.d5 g4 22.dxc6 Nc5 23.Nh2 Qxh4 24.Rfd1 Rg8 25.Be2
Rg5 26.Bxg4 Rxg4 27.Nxg4 Qxg4 28.f3 Qe6 29.Rd5 Ke7 30.Rad1 Kf6 31.Qf2 Kg5 32.Rxe5+
Qxe5 33.Rd5 Qxd5 34.exd5 Re8 35.Qd4 1-0

[Event "1. Bundesliga 2015/2016"]
[Site "Jenbach"]
[Date "2016.04.02"]
[Round "11"]
[Board "2"]
[White "Bayer, Bernhard"]
[Black "Banusz, Tamas"]
[Result "1/2-1/2"]
[WhiteElo "2429"]
[BlackElo "2619"]
[PlyCount "95"]
[EventDate "2015.11.05"]
[EventType "team"]
[EventRounds "11"]
[EventCountry "AUT"]
[WhiteTeam "Schachklub Absam"]
[BlackTeam "L.A. Kraftanlage Ottakring"]

1.c4 Nf6 2.Nf3 c5 3.Nc3 Nc6 4.d4 cxd4 5.Nxd4 e6 6.g3 Bc5 7.Nb3 Be7 8.Bg2 b6 9.O-O
Ba6 10.Nd4 Nxd4 11.Qxd4 Rc8 12.b3 O-O 13.Bb2 Qc7 14.Rac1 Rfd8 15.Rfd1 Qb8 16.Qe3 Ne8
17.Rd2 h6 18.Qf3 Bg5 19.e3 Bf6 20.Qd1 Bb7 21.Rcc2 Qa8 22.Qf1 Bc6 23.Bxc6 dxc6 24.Qd1
c5 25.Rxd8 Rxd8 26.Rd2 Rxd2 27.Qxd2 h5 28.h4 Qc6 29.Qd1 g6 30.Na4 Bxb2 31.Nxb2 Nf6
32.Na4 Qe4 33.Nc3 Qf5 34.Qb1 Qe5 35.Qd3 Ng4 36.Kg2 Qf6 37.f4 Qe7 38.Kf3 Qb7+ 39.e4
Kg7 40.Ke2 e5 41.Qd6 exf4 42.gxf4 f5 43.Nd5 fxe4 44.Nc7 e3 45.Ne6+ Kh7 46.Ng5+ Kg7
47.Ne6+ Kh7 48.Ng5+ 1/2-1/2

[Event "1. Bundesliga 2015/2016"]
[Site "Jenbach"]
[Date "2016.04.02"]
[Round "11"]
[Board "3"]
[White "Dragnev, Valentin"]
[Black "Dizdar, Goran"]
[Result "0-1"]
[WhiteElo "2432"]
[BlackElo "2512"]
[PlyCount "76"]
[EventDate "2015.11.05"]
[EventType "team"]
[EventRounds "11"]
[EventCountry "AUT"]
[WhiteTeam "L.A. Kraftanlage Ottakring"]
[BlackTeam "Schachklub Absam"]

1.e4 e6 2.d4 d5 3.Nd2 c5 4.exd5 exd5 5.Ngf3 a6 6.dxc5 Bxc5 7.Nb3 Bb6 8.Bg5 Nf6 9.Qe2+
Be6 10.Nfd4 Qe7 11.O-O-O O-O 12.Nf5 Qc7 13.Nbd4 Ne4 14.Be3 Nd7 15.f3 Nec5 16.Kb1 Rfe8
17.Qf2 Na4 18.Bd3 Bxf5 19.Bxf5 Ne5 20.Bd3 Nc4 21.Bxc4 dxc4 22.c3 Bc5 23.Rhe1 Rad8
24.f4 b5 25.Nc2 h6 26.f5 Rxd1+ 27.Rxd1 Bxe3 28.Nxe3 Qc5 29.Rd4 Qe5 30.Nc2 Nc5 31.Nb4
Qxh2 32.Rd1 Qe5 33.Rg1 a5 34.Nc2 Nd3 35.Qf3 b4 36.Nd4 bxc3 37.bxc3 Qb8+ 38.Nb3 a4 0-1

[Event "1. Bundesliga 2015/2016"]
[Site "Jenbach"]
[Date "2016.04.02"]
[Round "11"]
[Board "4"]
[White "Rotstein, Arkadij"]
[Black "Menezes, Christoph"]
[Result "1-0"]
[WhiteElo "2513"]
[BlackElo "2395"]
[PlyCount "75"]
[EventDate "2015.11.05"]
[EventType "team"]
[EventRounds "11"]
[EventCountry "AUT"]
[WhiteTeam "Schachklub Absam"]
[BlackTeam "L.A. Kraftanlage Ottakring"]

1.d4 Nf6 2.Nf3 e6 3.e3 b6 4.Bd3 Bb7 5.O-O Be7 6.c4 O-O 7.Nc3 d5 8.cxd5 exd5 9.b3 Nbd7
10.Bb2 a6 11.Rc1 Bd6 12.Ne2 Re8 13.Ng3 g6 14.Qc2 Rc8 15.Qe2 Qe7 16.Rc2 Ne4 17.Rfc1
a5 18.Bb5 Nxg3 19.hxg3 f6 20.Nh4 Red8 21.Qg4 Kh8 22.Qxg6 hxg6 23.Nxg6+ Kg7 24.Nxe7
Bxe7 25.Rxc7 Rxc7 26.Rxc7 Bc8 27.Bc6 Bd6 28.Ra7 Kf8 29.Bxd5 Ke7 30.e4 Bb8 31.Ra8 Bd6
32.Ra7 Bb8 33.Ba3+ Bd6 34.Bc1 Bb8 35.Ra8 Bd6 36.g4 Bb4 37.g5 Bc3 38.g6 1-0

[Event "1. Bundesliga 2015/2016"]
[Site "Jenbach"]
[Date "2016.04.02"]
[Round "11"]
[Board "5"]
[White "Schneider-Zinner, Harald"]
[Black "Deglmann, Ludwig"]
[Result "1-0"]
[WhiteElo "2353"]
[BlackElo "2320"]
[PlyCount "143"]
[EventDate "2015.11.05"]
[EventType "team"]
[EventRounds "11"]
[EventCountry "AUT"]
[WhiteTeam "L.A. Kraftanlage Ottakring"]
[BlackTeam "Schachklub Absam"]

1.d4 f5 2.g3 Nf6 3.Bg2 g6 4.Nf3 Bg7 5.O-O O-O 6.c4 d6 7.Nc3 Qe8 8.Re1 e5 9.dxe5 dxe5
10.e4 Nc6 11.exf5 Bxf5 12.Bf4 Bg4 13.h3 Rd8 14.Nd5 Nxd5 15.cxd5 Bxf3 16.Qxf3 Nd4 17.Qd3
Qf7 18.Be3 c6 19.Bxd4 exd4 20.f4 cxd5 21.Rac1 Kh8 22.Kh2 Rfe8 23.h4 Re3 24.Rxe3 dxe3
25.Qxe3 d4 26.Qd3 Qxa2 27.Rc7 Qxb2 28.Rxb7 Qc3 29.Qe4 Qc5 30.Re7 Qd6 31.Qb7 Rb8 32.Qxa7
Rg8 33.Rd7 Qf6 34.Bd5 Rf8 35.Bg2 d3 36.Rxd3 Rd8 37.Rb3 Rf8 38.Rb7 Qd4 39.Qa3 Qf6 40.Qc5
Qd4 41.Qc7 Qc3 42.Qd7 Qd4 43.Qb5 Qd6 44.Rb6 Qc7 45.Rb7 Qd6 46.Rd7 Qf6 47.Rd5 Rd8 48.Rc5
Bf8 49.Re5 Bd6 50.Re4 Bf8 51.Qe2 Bg7 52.Re5 Qf7 53.Re6 Rf8 54.Bf3 Qc7 55.h5 gxh5 56.Bxh5
Qc3 57.Qg4 Qb2+ 58.Re2 Qf6 59.Qh3 Qa1 60.Bg6 h6 61.Bh5 Bd4 62.Qg2 Bg7 63.Bg6 Bd4 64.Bc2
Rg8 65.Re6 Rg4 66.Rxh6+ Kg7 67.Qb7+ Kf8 68.Qc8+ Ke7 69.Re6+ Kf7 70.Qe8+ Kg7 71.Re7+
Kh6 72.Rh7# 1-0

[Event "1. Bundesliga 2015/2016"]
[Site "Jenbach"]
[Date "2016.04.02"]
[Round "11"]
[Board "6"]
[White "Duer, Werner"]
[Black "Beck, Hartmuth"]
[Result "1/2-1/2"]
[WhiteElo "2251"]
[BlackElo "2356"]
[PlyCount "84"]
[EventDate "2015.11.05"]
[EventType "team"]
[EventRounds "11"]
[EventCountry "AUT"]
[WhiteTeam "Schachklub Absam"]
[BlackTeam "L.A. Kraftanlage Ottakring"]

1.d4 c5 2.e3 Nf6 3.Nf3 e6 4.c4 d6 5.Nc3 Be7 6.Bd3 a6 7.O-O O-O 8.b3 b6 9.Bb2 Bb7 10.Qe2
Nbd7 11.Rac1 Qb8 12.Rfd1 Re8 13.Ng5 h6 14.Nge4 cxd4 15.exd4 d5 16.Nxf6+ Nxf6 17.cxd5
Bd6 18.g3 exd5 19.Qf3 b5 20.Re1 Qa7 21.Ne2 Bb4 22.Rf1 Bc8 23.Nf4 Bg4 24.Qg2 Qd7 25.h3
Bf5 26.g4 Be4 27.f3 Bxd3 28.Nxd3 Bd6 29.Ne5 Qa7 30.Kh1 Rac8 31.Qd2 Nd7 32.Rxc8 Rxc8
33.Rc1 Re8 34.Re1 Nf6 35.Qc2 Qb8 36.Qf5 Qc8 37.Qxc8 Rxc8 38.Rc1 Rxc1+ 39.Bxc1 Kf8
40.Kg2 Ke7 41.Nd3 Nd7 42.Bf4 Bxf4 1/2-1/2

[Event "1. Bundesliga 2015/2016"]
[Site "Jenbach"]
[Date "2016.04.02"]
[Round "11"]
[Board "1"]
[White "Nisipeanu, Liviu-Dieter"]
[Black "Prohaszka, Peter"]
[Result "1/2-1/2"]
[WhiteElo "2667"]
[BlackElo "2598"]
[PlyCount "81"]
[EventDate "2015.11.05"]
[EventType "team"]
[EventRounds "11"]
[EventCountry "AUT"]
[WhiteTeam "Schachklub Sparkasse Jenbach"]
[BlackTeam "SV Jacques Lemans St. Veit"]

1.e4 e5 2.Nf3 Nc6 3.Bc4 Bc5 4.O-O Nf6 5.d3 O-O 6.h3 h6 7.Re1 d6 8.c3 a6 9.a4 Ba7 10.Na3
Be6 11.Bxe6 fxe6 12.Be3 Qd7 13.Bxa7 Rxa7 14.Nc4 b5 15.axb5 axb5 16.Rxa7 Nxa7 17.Ne3
Nc8 18.Ng4 Nxg4 19.hxg4 Qf7 20.Qe2 Ne7 21.Nd2 c5 22.g3 Nc6 23.Kg2 d5 24.Rh1 c4 25.dxc4
bxc4 26.Rh5 Qg6 27.g5 hxg5 28.Qg4 Qf7 29.Kh3 Ne7 30.Rxg5 g6 31.exd5 Qxf2 32.Qxe6+
Rf7 33.d6 Qe1 34.Rxe5 Qh1+ 35.Kg4 Qd1+ 36.Re2 Qh1 37.Re5 Qd1+ 38.Re2 Qh1 39.Qxf7+
Kxf7 40.Rxe7+ Kf8 41.Ne4 1/2-1/2

[Event "1. Bundesliga 2015/2016"]
[Site "Jenbach"]
[Date "2016.04.02"]
[Round "11"]
[Board "2"]
[White "Bosiocic, Marin"]
[Black "Schlosser, Philipp"]
[Result "1-0"]
[WhiteElo "2564"]
[BlackElo "2551"]
[PlyCount "111"]
[EventDate "2015.11.05"]
[EventType "team"]
[EventRounds "11"]
[EventCountry "AUT"]
[WhiteTeam "SV Jacques Lemans St. Veit"]
[BlackTeam "Schachklub Sparkasse Jenbach"]

1.c4 c5 2.Nc3 g6 3.e3 Bg7 4.d4 Nf6 5.d5 O-O 6.Nf3 e6 7.Bd3 exd5 8.cxd5 d6 9.h3 Re8
10.O-O Na6 11.e4 c4 12.Bxc4 Nxe4 13.Nxe4 Rxe4 14.Bd3 Re8 15.Bb5 Bd7 16.Bg5 Qc7 17.Bxa6
bxa6 18.Qd2 Qb6 19.Rab1 a5 20.b3 Qb4 21.Rbc1 Rac8 22.Rxc8 Bxc8 23.Rc1 Bb7 24.Qxb4
axb4 25.Rc7 Bxd5 26.Rxa7 Be4 27.Bd2 Bxf3 28.gxf3 Bc3 29.Bxc3 bxc3 30.Rc7 Re1+ 31.Kg2
Rc1 32.f4 d5 33.Kf3 d4 34.Ke4 Rd1 35.a4 Kg7 36.a5 d3 37.Rxc3 d2 38.Kd3 Ra1 39.Kxd2
Rxa5 40.Rf3 Ra1 41.b4 Rb1 42.Kc3 Kf6 43.Kc4 Kf5 44.b5 Rb2 45.Rb3 Rxf2 46.b6 Rc2+ 47.Kd5
Rc8 48.b7 Rb8 49.Rb4 f6 50.Kd6 h5 51.Kc7 Rf8 52.b8=Q Rxb8 53.Kxb8 g5 54.fxg5 fxg5
55.Kc7 g4 56.Rb5+ 1-0

[Event "1. Bundesliga 2015/2016"]
[Site "Jenbach"]
[Date "2016.04.02"]
[Round "11"]
[Board "3"]
[White "Shengelia, David"]
[Black "Rogic, Davor"]
[Result "1-0"]
[WhiteElo "2566"]
[BlackElo "2532"]
[PlyCount "45"]
[EventDate "2015.11.05"]
[EventType "team"]
[EventRounds "11"]
[EventCountry "AUT"]
[WhiteTeam "Schachklub Sparkasse Jenbach"]
[BlackTeam "SV Jacques Lemans St. Veit"]

1.d4 d5 2.Bf4 Nf6 3.e3 e6 4.Nf3 c5 5.Nbd2 Nc6 6.c3 Bd6 7.Bg3 Nh5 8.Bh4 Nf6 9.Bd3 Qb6
10.Rb1 Bd7 11.O-O Rc8 12.Qe2 cxd4 13.exd4 Nh5 14.g3 h6 15.Ne5 Nf6 16.f4 Bxe5 17.fxe5
Ne4 18.Bxe4 dxe4 19.Nxe4 Nxe5 20.Qh5 Ng6 21.Rxf7 Kxf7 22.Rf1+ Kg8 23.Nf6+ 1-0

[Event "1. Bundesliga 2015/2016"]
[Site "Jenbach"]
[Date "2016.04.02"]
[Round "11"]
[Board "4"]
[White "Mazi, Leon"]
[Black "Boensch, Uwe"]
[Result "0-1"]
[WhiteElo "2386"]
[BlackElo "2553"]
[PlyCount "112"]
[EventDate "2015.11.05"]
[EventType "team"]
[EventRounds "11"]
[EventCountry "AUT"]
[WhiteTeam "SV Jacques Lemans St. Veit"]
[BlackTeam "Schachklub Sparkasse Jenbach"]

1.e4 c5 2.Nf3 d6 3.d4 cxd4 4.Qxd4 Nc6 5.Qe3 Nf6 6.h3 e5 7.c4 Nb4 8.Qb3 Na6 9.Nc3 Be7
10.Be2 O-O 11.O-O Be6 12.Be3 Qc8 13.Rac1 Re8 14.Nd2 Nc5 15.Qc2 a5 16.Rfe1 Nfd7 17.Nd5
Qd8 18.Nxe7+ Qxe7 19.Nb1 Rec8 20.Nc3 Nf6 21.b3 h6 22.Qb1 Bd7 23.Rcd1 Bc6 24.Bf3 b6
25.Rd2 Rab8 26.g3 Rd8 27.Kh2 Qb7 28.Nd5 Nxd5 29.exd5 Bd7 30.Bg2 Qc8 31.f4 Bf5 32.Qd1
f6 33.Rf1 Qd7 34.Qh5 Bd3 35.fxe5 Bxf1 36.e6 Qe8 37.Qxe8+ Rxe8 38.Bxf1 Kf8 39.Be2 Ke7
40.Bh5 Rec8 41.Be2 Ne4 42.Rb2 b5 43.cxb5 Nc3 44.Ba7 Rb7 45.b6 Nxe2 46.Rxe2 Rc3 47.Rd2
h5 48.Kg2 Kd8 49.Re2 Rd3 50.g4 Rxd5 51.gxh5 Rxh5 52.a4 Ke7 53.Rb2 Kxe6 54.b4 Rh4 55.bxa5
Rxa4 56.Rb5 Kd7 0-1

[Event "1. Bundesliga 2015/2016"]
[Site "Jenbach"]
[Date "2016.04.02"]
[Round "11"]
[Board "5"]
[White "Lehner, Oliver"]
[Black "Hebesberger, Thomas"]
[Result "1/2-1/2"]
[WhiteElo "2408"]
[BlackElo "2319"]
[PlyCount "90"]
[EventDate "2015.11.05"]
[EventType "team"]
[EventRounds "11"]
[EventCountry "AUT"]
[WhiteTeam "Schachklub Sparkasse Jenbach"]
[BlackTeam "SV Jacques Lemans St. Veit"]

1.e4 c5 2.Nf3 e6 3.d4 cxd4 4.Nxd4 Qb6 5.Nc3 Bc5 6.Na4 Qa5+ 7.c3 Bxd4 8.Qxd4 Nf6 9.Nc5
Nc6 10.Qd6 b6 11.Nb3 Qa4 12.f3 Ba6 13.Bxa6 Qxa6 14.Bg5 O-O-O 15.Bxf6 gxf6 16.Kf2 Rhg8
17.g3 Ne5 18.c4 Kb7 19.Rhc1 Rc8 20.f4 Nxc4 21.Qxd7+ Rc7 22.Qd4 Qb5 23.Rc2 Rgc8 24.Rac1
e5 25.fxe5 fxe5 26.Qd3 a6 27.Qe2 Qa4 28.Qd3 Qb5 29.Qe2 Rc6 30.Rc3 R8c7 31.Kg2 Qa4
32.a3 Nxa3 33.Rxc6 Rxc6 34.Rxc6 Kxc6 35.bxa3 Qxb3 36.Qxa6 Kc5 37.Qb7 Kd4 38.a4 Qc2+
39.Kh3 Qb3 40.Kg2 Ke3 41.Kh3 Qe6+ 42.Kg2 Qg6 43.Kg1 Kf3 44.Qd5 Qxe4 45.Qxf7+ Ke2 1/2-1/2

[Event "1. Bundesliga 2015/2016"]
[Site "Jenbach"]
[Date "2016.04.02"]
[Round "11"]
[Board "6"]
[White "Ceschia, Ivano"]
[Black "Reich, Thomas"]
[Result "1-0"]
[WhiteElo "2253"]
[BlackElo "2376"]
[PlyCount "137"]
[EventDate "2015.11.05"]
[EventType "team"]
[EventRounds "11"]
[EventCountry "AUT"]
[WhiteTeam "SV Jacques Lemans St. Veit"]
[BlackTeam "Schachklub Sparkasse Jenbach"]

1.e4 c5 2.Nf3 g6 3.d4 cxd4 4.Qxd4 Nf6 5.e5 Nc6 6.Qa4 Nd5 7.Qe4 Ndb4 8.Bb5 a6 9.Ba4
b5 10.Bb3 d5 11.exd6 Bf5 12.Qe2 Na5 13.Nd4 Qxd6 14.Nxf5 gxf5 15.O-O Bg7 16.Rd1 Qe5
17.Qd2 Nbc6 18.Qd7+ Kf8 19.Nc3 h6 20.Be3 Bf6 21.Bb6 Nxb3 22.cxb3 Qe6 23.Qd2 Ne5 24.Nd5
Kg7 25.Ba5 Rac8 26.Nf4 Qc6 27.Qe3 Kh7 28.Qh3 Qe4 29.Nh5 Rhg8 30.Ng3 Qg4 31.Qxg4 Rxg4
32.Nxf5 Nf3+ 33.Kh1 Nd4 34.Ne3 Re4 35.Nd5 Bg7 36.Bc3 Nf5 37.Rd2 b4 38.Bxg7 Kxg7 39.f3
Re5 40.Nxb4 a5 41.Nc2 Rec5 42.Na3 Ne3 43.Kg1 f5 44.Kf2 f4 45.g3 e5 46.Re1 Kf6 47.Nb1
Rc2 48.Ke2 Nf5 49.Kd3 Rxd2+ 50.Nxd2 Rd8+ 51.Ke2 Nd4+ 52.Kf2 Nc2 53.Ne4+ Kf5 54.Rc1
Nd4 55.g4+ Ke6 56.Rc7 Rb8 57.Rh7 a4 58.Rxh6+ Kf7 59.Nc5 axb3 60.axb3 Nxb3 61.Rh7+
Kg6 62.Rb7 Rxb7 63.Nxb7 e4 64.fxe4 Kg5 65.e5 Nd4 66.h3 Ne6 67.b4 Kh4 68.Nc5 Ng5 69.e6 1-0

[Event "1. Bundesliga 2015/2016"]
[Site "Jenbach"]
[Date "2016.04.02"]
[Round "11"]
[Board "1"]
[White "Lenic, Luka"]
[Black "Bromberger, Stefan"]
[Result "1/2-1/2"]
[WhiteElo "2628"]
[BlackElo "2531"]
[PlyCount "111"]
[EventDate "2015.11.05"]
[EventType "team"]
[EventRounds "11"]
[EventCountry "AUT"]
[WhiteTeam "SV Raika Rapid Feffernitz"]
[BlackTeam "SIR Royal Salzburg"]

1.d4 d5 2.c4 dxc4 3.e3 e5 4.Bxc4 exd4 5.exd4 Bd6 6.Nf3 Nf6 7.Qe2+ Qe7 8.Qxe7+ Bxe7
9.O-O Nbd7 10.Nc3 c6 11.Ng5 O-O 12.Re1 Bd6 13.Bb3 Nb6 14.Nge4 Nxe4 15.Nxe4 Bb4 16.Bd2
Bxd2 17.Nxd2 a5 18.a3 Bd7 19.Ne4 Rad8 20.Rad1 Bc8 21.f3 h6 22.Nc5 Rfe8 23.Re4 Kf8
24.Kf2 Nd5 25.h4 Re7 26.Re5 f6 27.Re4 Nc7 28.Ke3 Nd5+ 29.Kf2 Nc7 30.Rxe7 Kxe7 31.g4
Nb5 32.Ke3 f5 33.g5 hxg5 34.hxg5 f4+ 35.Kxf4 Nxd4 36.Ke3 Nf5+ 37.Ke4 Nd6+ 38.Kf4 Rf8+
39.Ke3 Rf5 40.Ne4 Nxe4 41.Kxe4 Rxg5 42.Rd2 Rb5 43.Bc4 Rc5 44.Kd4 Rf5 45.Ke3 Be6 46.Bxe6
Kxe6 47.b4 Re5+ 48.Kf4 g5+ 49.Kg4 Rd5 50.Rh2 axb4 51.axb4 Rb5 52.Rh6+ Ke5 53.Kxg5
Rxb4 54.Rh8 Ke6 55.f4 Kf7 56.f5 1/2-1/2